"Haus des Geldes" Städtenamen - Bildquiz - Statistiken

Allgemein
  • Dieses Quiz wurde 414 mal gespielt
  • Das Durchschnittsergebnis liegt bei 10 aus 15
Antwortstatistiken
Bildquiz Antwort % Korrekt
Berlin
98%
Tokio
95%
Rio
88%
Denver
82%
Helsinki
81%
Nairobi
81%
Stockholm
81%
Oslo
75%
Moskau
74%
Lissabon
59%
Palermo
47%
Bogotá
36%
Marseille
36%
Manila
29%
Pamplona
10%
Keine übereinstimmenden Quizze gefunden
Verteilung der Resultate
Anzahl Personen mit jedem Resultat
Perzentil nach korrekt beantworteten Fragen
Ihre Resultats-Entwicklung
Sie haben dieses Quiz noch nicht gespielt